Airlines of europe - Statistics

General Stats
  • This quiz has been taken 86 times
  • The average score is 14 of 36
Answer Stats
Hint Answer % Correct
UK British airways
90%
France Air france
87%
Netherlands KLM
87%
Ireland Ryanair
87%
Germany Lufthansa
85%
Spain Iberia
75%
Poland LOT
63%
Hungary Wizzair
60%
Austria Austrian airlines
56%
Russia Aeroflot
53%
Iceland Icelandair
53%
Belgium Brussels airlines
51%
Finland Finnair
50%
Italy ITA airways
47%
Scandinavia Scandinavian airlines
43%
Germany Eurowings
37%
Serbia Air serbia
35%
UK Virgin atlantic
35%
Norway Norwegian Airlines
32%
Portugal TAP air portugal
32%
Greece Aegean airlines
31%
UK Jet2
31%
UK Tui
28%
Croatia Croatia airlines
25%
UK Flybe
24%
UK Loganair
22%
Ukraine UIA
16%
France Corsair
9%
Spain Binter canarias
6%
UK Titan airways
3%
Portugal Azores airlines
1%
Spain Canaryfly
1%
Netherlands KLM cityhopper
1%
Portugal SATA azores
1%
UK Aurigney
0%
Europe European Air charters
0%
No matching quizzes found
Score Distribution
Percent of People with Each Score
Percentile by Number Answered
Your Score History
You have not taken this quiz